Súvislosti vzdelávania a výskumu v ekonomických vedách
Historické determinanty ekonomického vzdelávania. Ekonomické disciplíny v kontexte vysokoškolského vzdelávania. Genéza výskumu na vysokých školách ekonomického zamerania.
Salvato in:
| Autore principale: | |
|---|---|
| Altri autori: | |
| Natura: | Capitolo di libro |
| Lingua: | slovacco |
| Soggetti: | |
| Tags: |
Nessun Tag, puoi essere il primo ad aggiungerne!!
|
MARC
| LEADER | 00000naa a2200000 4500 | ||
|---|---|---|---|
| 001 | 0152616 | ||
| 005 | 20240502072721.8 | ||
| 041 | 0 | |a slo | |
| 044 | |a SK | ||
| 245 | 1 | 0 | |a Súvislosti vzdelávania a výskumu v ekonomických vedách |c Rudolf Sivák, Dagmar Lesáková |
| 520 | |a Historické determinanty ekonomického vzdelávania. Ekonomické disciplíny v kontexte vysokoškolského vzdelávania. Genéza výskumu na vysokých školách ekonomického zamerania. | ||
| 610 | 2 | 0 | |a veda ekonomická |
| 610 | 2 | 0 | |a vzdelávanie vysokoškolské |
| 610 | 2 | 0 | |a história |
| 610 | 2 | 0 | |a výskum |
| 610 | 2 | 0 | |a kvalita vzdelávania |
| 100 | 1 | |a Sivák, Rudolf, 1955- | |
| 700 | 1 | |a Lesáková, Dagmar, 1949- | |